00571nam a2200157 a 450000500170000000800410001702000180005805000250007610000160010124500750011726000430019230000090023544000280024499900190027295201220029120140412111326.0110128s19uu xx 00 eng d a0-7641-0995-2 aM 306.856bT382 1998 aThomas, Pat aMy Family's Changing :bA First look at family break-up /cPat Thomas. aCanada :bBarron's educational,c1998. a29p. aa first look at... book c104670d104670 001040aELbELcMd2011-01-28eLib. Fundg302.00l0oM 306.856 T382 1998pE8436r2014-04-12 00:00:00w2014-04-12yBK